Statistics for Presidents with Beards

Click here to take the quiz!

General Stats

  • This quiz has been taken 45 times
  • The average score is 4 of 5

Answer Stats

President% Correct
Abraham Lincoln
95%
Ulysses S. Grant
87%
Rutherford B. Hayes
72%
James Garfield
67%
Benjamin Harrison
59%

Score Distribution

Percentile by Number Answered

Percent of People with Each Score

Your Score History

You have not taken this quiz